000 00612cam a2200217 4500500
005 20260329004957.0
041 _afre
042 _adc
100 1 0 _aLarmagnac-Matheron, Octave
_eauthor
245 0 0 _aDes big data dans l’ADN
260 _c2022.
500 _a89
690 _aADN
690 _aBibliothèque
690 _aBig data
690 _aCryptage
690 _aÉnergie
690 _aStockage
786 0 _nPhilosophie magazine | 156 | 2 | 2022-02-01 | p. 4-4 | 1951-1787
856 4 1 _uhttps://shs.cairn.info/magazine-philosophie-magazine-2022-2-page-4?lang=fr&redirect-ssocas=7080
999 _c1839097
_d1839097